| 000 | 00675nam a2200205 a 4500 | ||
|---|---|---|---|
| 005 | 20210219160231.0 | ||
| 008 | 080929s2000 mx r 000 0 spa d | ||
| 020 | _a968842305X | ||
| 035 | _aUPN01000161259 | ||
| 049 | _aUNE | ||
| 080 | _a352 (7/8) "1991" CIU | ||
| 245 | 0 | 0 | _aCiudades y gobiernos locales en la América Latina de los noventas/ coordinado por Alicia Ziccardi. |
| 260 | _aMéxico : Miguel Angel Porrúa : FLACSO, 1991 | ||
| 300 | _a126 p. | ||
| 440 | 4 | _aLas ciencias sociales | |
| 690 | _aGobierno local- America Latina | ||
| 700 | 1 | _aZiccardi, Alicia, coord. | |
| 710 | 2 | _aFLACSO. Facultad Latinoamericana de Ciencias Sociales. | |
| 905 | _aUNESCO | ||
| 999 |
_c133372 _d133372 |
||